LDR 01391nam a2200289 i 4500 001 000000364632 003 CaOOAMICUS 005 20251009142549.0 008 251009s2025 it u000 u ita u 020 $a978-88-311-8284-3 040 $aSeMil$bita 100 0 $aIoannes : Damascenus,$c
.$0(OLS)http://semarc/name/5743 240 10$aDe haeresibus.$0(OLS)http://semarc/title/456058 245 10$aSulle eresie ; Disputa tra un saraceno e un cristiano /$cGiovanni Damasceno ; introduzione, traduzione e note a cura di Gaetano Spampinato. 264 1$aRoma :$bCittĂ Nuova,$c2025. 300 $a269 p. ;$c21 cm 490 1 $aCollana di testi patristici ;$v283 501 $aDisputa tra un saraceno e un cristiano 650 4$aGiovanni : Damasceno
- Islam.$0(OLS)http://semarc/subject/58674 700 1 $aSpampinato, Gaetano,$d<1995- >.$0(OLS)http://semarc/name/122896 830 0$aCollana di testi patristici ;$v283.$0(OLS)http://semarc/title/2 850 $aSeMil 852 $aSeMil$W1$xVenegono$y1$m2UA E 283$j263098$B255488$CSeMilBibl$Z2$F255488 $81 996 $6020$a978-88-311-8284-3$9(OLS)http://semarc/number/304292 996 $6245$aSulle eresie ; Disputa tra un saraceno e un cristiano$9(OLS)http://semarc/title/456057 996 $6264$aRoma :$bCittĂ Nuova$9(OLS)http://semarc/publisher/29609